| 000 | 00907cab a2200277 4500 | ||
|---|---|---|---|
| 001 | WB3439-30 | ||
| 008 | 090401t1998 xxu||||| |||| 00| 0 eng d | ||
| 035 | _a(Sirsi) u88970 | ||
| 041 | _aeng | ||
| 245 | _aDelay or be a damned planner | ||
| 260 | _c1998 | ||
| 350 | _a0 | ||
| 490 |
_aFinancial Times _v10 October 1998, XVII(2) |
||
| 520 | _aAn increasing number of local residents groups protest against developments in their area. This inevitably slows the planning application down. Developers are concerned that houses are replacing roads as protest groups` prime targets. | ||
| 650 | _aDEVELOPERS | ||
| 650 | _aECO-WARRIORS | ||
| 650 | _aHOUSE BUILDERS | ||
| 650 | _aLOCAL AUTHORITIES | ||
| 650 | _aOBJECTIONS | ||
| 650 | _aPLANNING APPLICATIONS | ||
| 650 | _aPLANNING OFFICERS | ||
| 650 | _aRESIDENTS | ||
| 690 | _aPLANNING LAW AND PRACTICE | ||
| 942 | _n0 | ||
| 948 | _c14/10/1998 | ||
| 999 |
_c56254 _d56254 |
||